Srinivasan's Hindu law of partition and income-tax law / (Record no. 136826)

MARC details
000 -LEADER
fixed length control field 00666nam a22002297a 4500
010 ## - LIBRARY OF CONGRESS CONTROL NUMBER
LC control number 825465
035 ## - SYSTEM CONTROL NUMBER
System control number 825465
037 ## - SOURCE OF ACQUISITION
Source of stock number/acquisition Cen Lib / Ret
040 ## - CATALOGING SOURCE
Original cataloging agency DPL
Language of cataloging En
082 ## - DEWEY DECIMAL CLASSIFICATION NUMBER
Classification number 349.54
Item number SRI
100 ## - MAIN ENTRY--PERSONAL NAME
Personal name Srinivasan's
245 ## - TITLE STATEMENT
Title Srinivasan's Hindu law of partition and income-tax law /
Statement of responsibility, etc by Srinavasan's ; D. D. Seth [and] B. Malik
250 ## - EDITION STATEMENT
Edition statement 2nd ed
260 ## - PUBLICATION, DISTRIBUTION, ETC. (IMPRINT)
Place of publication, distribution, etc Allahabad
Name of publisher, distributor, etc Delhi Law House
Date of publication, distribution, etc 1976
270 ## - ADDRESS
Address Delhi Law House
City Allahabad
Postal code 211001
300 ## - PHYSICAL DESCRIPTION
Extent xlvi, 584p.
Other physical details 24cm(Hb)
650 ## - SUBJECT ADDED ENTRY--TOPICAL TERM
Topical term or geographic name as entry element Income tax law
650 ## - SUBJECT ADDED ENTRY--TOPICAL TERM
Topical term or geographic name as entry element Law -- India
700 ## - ADDED ENTRY--PERSONAL NAME
Personal name Seth, D. D.
700 ## - ADDED ENTRY--PERSONAL NAME
Personal name Malik, B.
942 ## - ADDED ENTRY ELEMENTS (KOHA)
Source of classification or shelving scheme Dewey Decimal Classification
Koha item type English Books
Classification part 349.54
Call number suffix SRI
Holdings
Withdrawn status Lost status Source of classification or shelving scheme Damaged status Not for loan Home library Current library Date acquired Source of acquisition Cost, normal purchase price Total Checkouts Full call number Barcode Date last seen Copy number Cost, replacement price Price effective from Koha item type
    Dewey Decimal Classification     Central Library Central Library 10/03/2016 Cen Lib/Ret 55.00   349.54 SRI 825465 10/03/2016 1 55.00 10/03/2016 English Books

© Delhi Public Library
Hit Counter
free hit counter